Les plus grandes villes du bassin du Rio de la Plata sur une carte - Statistiques

Statistiques générales
  • Ce quiz a été pris 270 fois
  • Le résultat moyen est 7 sur 14
Réponses sur la Carte
Les réponses sont colorées sur une échelle allant du rouge au vert en fonction du pourcentage des utilisateurs qui les ont devinées à leur premier essai. Vous pouvez retrouver ces pourcentages ci-dessous.
 
Statistiques - réponses
Population Pays Ville % Correct
15 172 700 Argentine Buenos Aires
97%
1 326 000 Uruguay Montevideo
97%
20 684 900 Brésil São Paulo
95%
2 020 000 Paraguay Asuncion
86%
3 858 000 Brésil Brasilia
81%
1 339 500 Argentine Rosario
61%
3 381 300 Brésil Curitiba
45%
828 800 Ar - Br - Py Ciudad del Este Foz do Iguaçu Puerto Iguazu
29%
852 800 Argentine La Plata
27%
2 092 500 Brésil Campinas
23%
2 480 700 Brésil Goiânia
19%
897 900 Brésil Campo Grande
13%
860 800 Brésil Ribeirãõ Preto
8%
945 000 Brésil Sorocaba
7%
Aucun quiz correspondant
Distribution des résultats
% des personnes avec chaque résultat
Percentile par nombre de réponses
Votre historique - résultats
Vous n’avez pas pris ce quiz